Loading...
| Science - Physics | 0 | 7 | 0 | 4 | 70 | 100 | 119.29 | 0 | 2 | 1.00 | 25.00 |
| Science - Biology | 0 | 7 | 0 | 1 | 70 | 89 | 101.14 | 1 | 2 | 10.31 | 32.29 |
| Science - Chemistry | 0 | 6 | 2 | 0 | 50 | 62 | 89.50 | 1 | 4 | 13.66 | 39.58 |
| Science - Other | 0 | 4 | 2 | 0 | 30 | 100 | 103.25 | 0 | 0 | 5.31 | 15.63 |
| History - American | 0 | 2 | 0 | 0 | 20 | 124 | 124.00 | 0 | 0 | 0.77 | 11.46 |
| Literature - British | 0 | 2 | 0 | 0 | 20 | 117 | 117.00 | 0 | 0 | 2.84 | 9.38 |
| Literature - World/Other | 0 | 2 | 0 | 0 | 20 | 95 | 95.00 | 0 | 0 | 5.11 | 11.46 |
| Social Science | 0 | 2 | 1 | 0 | 15 | 78 | 90.00 | 1 | 1 | 3.87 | 9.38 |
| History - Other | 0 | 2 | 1 | 1 | 15 | 73 | 97.00 | 0 | 1 | 2.70 | 4.17 |
| Mythology | 0 | 2 | 1 | 0 | 15 | 67 | 92.00 | 0 | 1 | 5.30 | 9.95 |
| Fine Arts - Visual | 0 | 1 | 0 | 0 | 10 | 108 | 108.00 | 0 | 0 | 1.41 | 3.13 |
| Literature - American | 0 | 1 | 0 | 0 | 10 | 149 | 149.00 | 0 | 0 | 0.00 | 1.04 |
| Fine Arts - Other | 0 | 1 | 0 | 0 | 10 | 84 | 84.00 | 0 | 1 | 3.11 | 5.56 |
| Philosophy | 0 | 2 | 3 | 0 | 5 | 100 | 109.00 | 0 | 0 | 1.27 | 5.21 |
| Fine Arts - Classical Music | 0 | 1 | 2 | 0 | 0 | 149 | 149.00 | 0 | 0 | 0.00 | 2.08 |
| History - European | 0 | 0 | 1 | 0 | -5 | 0.00 | 0 | 0 | 0.00 | 0.00 | |
| History - World | 0 | 0 | 1 | 0 | -5 | 0.00 | 0 | 0 | 0.00 | 0.00 | |
| Religion | 0 | 0 | 2 | 0 | -10 | 0.00 | 0 | 0 | 0.00 | 0.00 |